000 00823cam a22002531 4500
001 sa 64009163
003 DLC
005 20260227112059.0
008 741014s1963 ii 000 0 eng
010 _asa 64009163
025 _aI-San-227
035 _a(OCoLC)1039543
040 _aDLC
_cTxShA
_dNSyU
_dDLC
041 1 _aengind
042 _apremarc
050 0 0 _aPK3012
_b.V4
130 0 _aVedas.
_pR̥gveda.
_kSelections.
245 1 0 _aRgveda mandala VII.
_cIntrod., Devanāgarī text. English translation, critical notes, select glossary and three indices, by H. D. Velankar.
250 _a[1st. ed.]
260 _aBombay,
_bBharatiya Vidya Bhavan,
_c1963.
300 _a vi, xxxii, 80, 285 p.
_c25 cm.
440 0 _aBharatiya vidya series,
_vv. 23
700 1 _aVelankar, H. D.
_q(Hari Damodar),
_d1893-1967,
_eed.
999 _c61287
_d61287